000
00305nam a22001337a 4500
008
170331b xxu||||| |||| 00| 0 eng d
020
_a
0801675561
041
_a
eng
080
_2
2ND
_a
617
100
_a
8
101
_a
SHM
245
_a
REHABILITATION OF THE INJURED KNEE
_c
GRIFFIN, L.Y
942
_2
udc
_c
BK
999
_c
9327
_d
9327